Szovjet szakemberek fogadása Szegeden
Elmentve itt :
| Dokumentumtípus: | Cikk |
|---|---|
| Megjelent: |
1979-02-24
|
| Sorozat: | Délmagyarország
69 No. 46 |
| Kulcsszavak: | Odessza |
| Online Access: | http://dmarchiv.bibl.u-szeged.hu/112104 |
| LEADER | 00401nab a2200145 i 4500 | ||
|---|---|---|---|
| 001 | delm112104 | ||
| 005 | 20190524105402.0 | ||
| 008 | 190524s1979 hu o 0|| hun d | ||
| 040 | |a SZTE Délmagyarország Archívum |b hun | ||
| 041 | |a hun | ||
| 245 | 0 | 0 | |a Szovjet szakemberek fogadása Szegeden |h [elektronikus dokumentum] |
| 260 | |c 1979-02-24 | ||
| 300 | |a 3 | ||
| 490 | 0 | |a Délmagyarország |v 69 No. 46 | |
| 695 | |a Odessza | ||